01311nam a2200325Ic 450000100060000000300100000600500170001600700030003300800410003602000180007704000350009504100080013008200130013810000390015124501550019025000370034526400570038230000530043933600270049233700330051933800280055249000370058050001340061765000360075165000310078765000330081865000340085170000880088574000120097358328CO-BoRNBP20250821202932.0ta180815s9999 xx 000 0 und d a9788430937967 aCO-BoRNBPbspaerdacCO-BoRNBP aspa0 a194 D27d aDescartes, René,d1596-1650eaut10aDiscurso del método y meditaciones metafísicas /cRené Descartes ; edición de Olga Fernández Prat ; traducción de Manuel García Morente. aPrimera edición, reimpresión 1aMadrid Tecnos :b[Publicador no identificado],c2017 a239 páginas :bilustraciones en blanco y negro atextobtxt2rdacontent asin mediaciónbn2rdamedia avolumenbnc2rdacarrier0 aLos esenciales de la filosofía aIncluye glosario \ Incluye bibliografía en páginas 61-64 \ Incluye datos biográficos del autor en la parte inical del libro07aFilosofía de la ciencia2LEMB07aFilosofía francesa2lemb07aMetodologia Cientifica2LEMB07aTeoria Del Conocimiento2LEMB aGarcía Morente, Manuel \ Fernández Prat, Olga \ Fernández Prat, Olga. Editora0 aEditora